Referenten-Entwurf eines Jugendhilfegesetzes

Gespeichert in:  
Bibliographische Detailangaben
Körperschaft: Deutschland. Bundesrepublik (BeteiligteR)
Medienart: Druck Buch
Sprache:Deutsch
Veröffentlicht: Bonn-Bad Godesberg Bundesministerium für Jugend, Familie und Gesundheit 1974
In:Jahr: 1974
Bestand in Albert-Krebs Bibliothek:VE.20.024
2003-829
Verfügbarkeit prüfen: HBZ Gateway
Subito Bestelldienst: Jetzt bestellen.
Schlagwörter:

MARC

LEADER 00000cam a2200000 c 4500
001 265648424
003 DE-627
005 20240329012758.0
007 tu
008 990309s1974 gw ||||| 00| ||ger c
035 |a (DE-627)265648424 
035 |a (DE-576)9265648422 
035 |a (DE-599)GBV265648424 
035 |a (OCoLC)76631825 
040 |a DE-627  |b ger  |c DE-627  |e rakwb 
041 |a ger 
044 |c XA-DE 
084 |a 2,1  |2 ssgn 
245 0 0 |a Referenten-Entwurf eines Jugendhilfegesetzes  |c Bundesminister für Jugend, Familie und Gesundheit, Bonn 
264 1 |a Bonn-Bad Godesberg  |b Bundesministerium für Jugend, Familie und Gesundheit  |c 1974 
300 |a Getr. Zählung 
336 |a Text  |b txt  |2 rdacontent 
337 |a ohne Hilfsmittel zu benutzen  |b n  |2 rdamedia 
338 |a Band  |b nc  |2 rdacarrier 
583 1 |a Archivierung prüfen  |c 20240324  |f DE-4165  |z 2  |2 pdager 
650 4 |a Jugendhilfe  |x Recht  |7 (dpeaa)DE-2619 
710 2 |a Deutschland  |g Bundesrepublik  |b Bundesminister für Jugend, Familie, Frauen und Gesundheit  |0 (DE-588)2088514-3  |0 (DE-627)100333257  |0 (DE-576)192599852  |4 oth 
889 |w (DE-627)1818600935 
935 |a mkri 
951 |a BO 
ELC |b 1 
LOK |0 000 xxxxxcx a22 zn 4500 
LOK |0 001 4196219217 
LOK |0 003 DE-627 
LOK |0 004 265648424 
LOK |0 005 20221027204316 
LOK |0 008 221011||||||||||||||||ger||||||| 
LOK |0 035   |a (DE-2619)k03729 
LOK |0 040   |a DE-2619  |c DE-627  |d DE-2619 
LOK |0 092   |o n 
LOK |0 541   |e Bestand Albert-Krebs-Bibliothek: 2003-829 
LOK |0 852   |a DE-2619 
LOK |0 852 1  |c VE.20.024  |m p  |9 00 
LOK |0 935   |a kreb 
LOK |0 938   |k p 
LOK |0 939   |a 11-10-22  |b l01 
ORI |a SA-MARC-krimdoka001.raw